Lewis Capaldi - Before You Go Lyrics - Statistics

General Stats
  • This quiz has been taken 1,116 times
    901 since last reset
  • The average score is 247 of 323
Answer Stats
Lyric % Correct
i
99%
you
98%
be
97%
before
97%
go
97%
the
96%
so
95%
a
93%
to
92%
was
91%
some
90%
there
90%
make
89%
something
88%
your
87%
beat
86%
hear
86%
better
84%
it
82%
on
82%
said
82%
we
82%
heart
81%
all
80%
feel
80%
hurt
78%
my
78%
me
77%
by
76%
could've
76%
like
76%
but
75%
can
75%
every
74%
if
74%
know
73%
stop
73%
hurting
72%
hate
70%
when
70%
just
69%
moment
69%
only
68%
that
68%
myself
67%
kills
66%
kidding
65%
else
64%
everyone
64%
this
64%
time
64%
worthless
64%
how
63%
start
63%
under
63%
cold
62%
now
62%
water
62%
weather
62%
have
61%
surface
61%
mind
60%
running
60%
won't
60%
heal
59%
i'd
59%
had
58%
is
58%
storm
58%
known
57%
fell
56%
never
55%
at
54%
say
54%
troubled
54%
our
52%
well
52%
we'll
52%
face
51%
wayside
48%
look
47%
replace
47%
right
46%
think
46%
words
46%
off
45%
are
44%
little
44%
down
43%
nothing
43%
about
42%
needed
42%
would
42%
let
41%
replay
40%
'cause
39%
whenever
39%
called
38%
come
38%
until
37%
guess
36%
walls
36%
gone
35%
seeing
34%
maybe
29%
went
27%
they're
20%
No matching quizzes found
Score Distribution
Percent of People with Each Score
Percentile by Number Answered
Your Score History
You have not taken this quiz since the last reset